| 000 | 00676cam a22002293a 4500 | ||
|---|---|---|---|
| 001 | 19220 | ||
| 003 | PGUSA | ||
| 005 | 20140828083416.0 | ||
| 008 | 060908s2006||||xxu|||||s|||||000 | eng d | ||
| 040 |
_aPGUSA _beng |
||
| 042 | _adc | ||
| 050 | 4 | _aPN | |
| 245 | 1 | 0 |
_aIrish Wit and Humor : _bAnecdote Biography of Swift, Curran, O'Leary and O'Connell _h[electronic resource] / _cAnonymous |
| 260 |
_bProject Gutenberg, _c2006 |
||
| 506 | _aPublic domain in the USA. | ||
| 516 | _aElectronic text | ||
| 653 | _aIrish wit and humor | ||
| 653 | _aAnecdotes -- Ireland | ||
| 830 | 0 |
_aProject Gutenberg _v19220 |
|
| 856 | 4 | 0 | _uhttp://www.gutenberg.org/ebooks/19220 |
| 942 | _cEB | ||
| 999 |
_c248475 _d248475 |
||